Những quyết định cần thiết để trưởng thành = The 6 most important decisions you’ll ever make
Sách giúp bạn thoát khỏi những phân vân, thậm chí là tâm trạng hoang mang, khủng hoảng của thời niên thiếu. Sách là một quyển cẩm nang hữu ích và là một người bạn đường đáng tin cậy để bạn nương tựa và tìm thấy nguồn động viên trong nhu...
Guardat en:
| Autor principal: | |
|---|---|
| Format: | Llibre |
| Idioma: | Undetermined |
| Publicat: |
Thành phố Hồ Chí Minh
Trẻ
2007
|
| Matèries: | |
| Etiquetes: |
Afegir etiqueta
Sense etiquetes, Sigues el primer a etiquetar aquest registre!
|
| Thư viện lưu trữ: | Trung tâm Học liệu Trường Đại học Cần Thơ |
|---|
| LEADER | 01180nam a2200229Ia 4500 | ||
|---|---|---|---|
| 001 | CTU_133598 | ||
| 008 | 210402s9999 xx 000 0 und d | ||
| 020 | |c 58000 | ||
| 082 | |a 158.0835 | ||
| 082 | |b C873 | ||
| 100 | |a Covey, Sean | ||
| 245 | 0 | |a Những quyết định cần thiết để trưởng thành = | |
| 245 | 4 | |b The 6 most important decisions you’ll ever make | |
| 245 | 0 | |c Sean Covey; Cao Xuân ...[et al.] biên dịch | |
| 260 | |a Thành phố Hồ Chí Minh | ||
| 260 | |b Trẻ | ||
| 260 | |c 2007 | ||
| 520 | |a Sách giúp bạn thoát khỏi những phân vân, thậm chí là tâm trạng hoang mang, khủng hoảng của thời niên thiếu. Sách là một quyển cẩm nang hữu ích và là một người bạn đường đáng tin cậy để bạn nương tựa và tìm thấy nguồn động viên trong những lúc gặp khó khăn. | ||
| 650 | |a Teenagers,Teenagers,Decision making in adolescence.,Tâm lý học ứng dụng | ||
| 650 | |x Conduct of life. | ||
| 904 | |i Trọng Hải | ||
| 980 | |a Trung tâm Học liệu Trường Đại học Cần Thơ | ||